logo

Bir Sreshtho Munshi Abdur Rouf Library
Jhenaidah Cadet College

Crusade in Europe / (Record no. 9848)

MARC details
000 -LEADER
fixed length control field 01012pam a2200301 a 4500
001 - CONTROL NUMBER
JCCL Control Number 9848
003 - CONTROL NUMBER IDENTIFIER
JCCL marc code BD-JhCC
005 - DATE AND TIME OF LATEST TRANSACTION
control field 20180402101209.0
008 - FIXED-LENGTH DATA ELEMENTS--GENERAL INFORMATION
fixed length control field 900427r19901948nyua b 001 0aeng
020 ## - INTERNATIONAL STANDARD BOOK NUMBER
International Standard Book Number 0385416199 :
Terms of availability $14.95 ($18.95 Can.)
035 ## - SYSTEM CONTROL NUMBER
system control number (BD-JhCC)9848
040 ## - CATALOGING SOURCE
Original cataloging agency DLC
Transcribing agency DLC
Modifying agency DLC
041 ## - LANGUAGE CODE
Language code of Book eng
050 00 - LIBRARY OF CONGRESS CALL NUMBER
Classification number D743
Item number .E35 1990
082 00 - DEWEY DECIMAL CLASSIFICATION NUMBER
Classification number 940.54/1
DDC Edition number 20
Author mark and Year EIS 1948
100 1# - MAIN ENTRY--PERSONAL NAME
Personal name Eisenhower, Dwight D.
Fuller form of name (Dwight David),
Dates associated with a name 1890-1969.
245 10 - TITLE STATEMENT
Title Crusade in Europe /
Statement of responsibility, etc Dwight D. Eisenhower.
260 ## - PUBLICATION, DISTRIBUTION, ETC. (IMPRINT)
Place of publication, distribution, etc New York :
Name of publisher, distributor, etc Doubleday,
Date of publication, distribution, etc [1990], c1948.
300 ## - PHYSICAL DESCRIPTION
Pagination xiv, 559 p. :
Other physical details ill. ;
Dimensions 22 cm.
500 ## - GENERAL NOTE
General note Originally published in 1948.
504 ## - BIBLIOGRAPHY, ETC. NOTE
Bibliography, etc Includes bibliographical references (p. [481]-510) and index.
600 10 - SUBJECT ADDED ENTRY--PERSONAL NAME
Personal name Eisenhower, Dwight D.
Fuller form of name (Dwight David),
Dates associated with a name 1890-1969.
650 #0 - SUBJECT ADDED ENTRY--TOPICAL TERM
Topical term or geographic name as entry element World War, 1939-1945
General subdivision Campaigns.
650 #0 - SUBJECT ADDED ENTRY--TOPICAL TERM
Topical term or geographic name as entry element World War, 1939-1945
General subdivision Personal narratives, American.
650 #0 - SUBJECT ADDED ENTRY--TOPICAL TERM
Topical term or geographic name as entry element Presidents
Geographic subdivision United States
General subdivision Biography.
942 ## - ADDED ENTRY ELEMENTS (KOHA)
Source of classification or shelving scheme Dewey Decimal Classification
Koha item type Books
Holdings
Source of classification or shelving scheme Damaged status Not for loan Home library Current library Shelving location Date of accession Total Checkouts Full call number Barcode Date last seen Copy number Koha item type
Dewey Decimal Classification     JCC Rouf Library JCC Rouf Library General Stacks 04/02/2018   940.54/1 EIS 1948 9106 04/02/2018 C-1 Books

JCC Library | Contacts | JCC Home

Last Update on 23 September 2017
Copyright @ 2017-2020 JCC Rouf Library
Rouf Library, Jhenidah Cadet College (JCC), Bangladesh